Every 100k+ Urban Area in the United States on a Map - 2020s - Statistics

General Stats
  • This quiz has been taken 38 times
  • The average score is 168 of 307
Answers on the Map
Answers color-coded by a green-red scale on the quiz's map according to % correct below.
 
Answer Stats
Population State Urban Area % Correct
1,946,618 CA Sacramento
93%
3,515,933 CA San Francisco
93%
8,671,746 IL Chicago
89%
12,237,376 CA Los Angeles
89%
6,077,522 FL Miami
89%
19,426,449 NY New York
89%
1,853,896 FL Orlando
89%
2,104,238 OR Portland
89%
205,356 ME Portland
89%
5,100,112 GA Atlanta
86%
2,212,038 MD Baltimore
86%
4,382,009 MA Boston
86%
948,864 NY Buffalo
86%
2,686,147 CO Denver
86%
347,693 MS Jackson
86%
3,976,313 AZ Phoenix
86%
3,070,300 CA San Diego
86%
3,544,011 WA Seattle
86%
5,174,759 DC Washington
86%
420,924 NC Winston-Salem
86%
593,142 NY Albany
82%
431,480 GA Augusta
82%
433,180 ID Boise
82%
1,686,744 OH Cincinnati
82%
1,712,178 OH Cleveland
82%
632,494 CO Colorado Springs
82%
1,567,254 OH Columbus
82%
267,746 GA Columbus
82%
5,732,354 TX Dallas
82%
3,776,890 MI Detroit
82%
717,589 CA Fresno
82%
1,699,881 IN Indianapolis
82%
1,247,374 FL Jacksonville
82%
111,224 NC Jacksonville
82%
2,196,623 NV Las Vegas
82%
1,158,642 TN Nashville
82%
963,212 LA New Orleans
82%
5,696,125 PA Philadelphia
82%
1,285,806 RI Providence
82%
1,059,150 VA Richmond
82%
704,327 NY Rochester
82%
121,587 MN Rochester
82%
268,331 OR Salem
82%
1,178,533 UT Salt Lake City
82%
1,992,689 TX San Antonio
82%
309,466 GA Savannah
82%
252,934 FL Tallahassee
82%
2,783,045 FL Tampa
82%
769,837 NM Albuquerque
79%
249,252 AK Anchorage
79%
1,809,888 TX Austin
79%
570,235 CA Bakersfield
79%
774,956 AL Birmingham
79%
684,773 SC Charleston
79%
140,958 WV Charleston
79%
1,379,873 NC Charlotte
79%
590,407 SC Columbia
79%
141,831 MO Columbia
79%
674,046 OH Dayton
79%
854,584 TX El Paso
79%
373,687 AR Fayetteville
79%
977,158 CT Hartford
79%
853,252 HI Honolulu
79%
5,853,575 TX Houston
79%
1,674,218 MO Kansas City
79%
461,864 AR Little Rock
79%
974,397 KY Louisville
79%
163,289 NH Manchester
79%
1,056,190 TN Memphis
79%
2,914,866 MN Minneapolis
79%
254,348 AL Montgomery
79%
561,456 CT New Haven
79%
982,276 OK Oklahoma City
79%
819,508 NE Omaha
79%
1,745,039 PA Pittsburgh
79%
446,529 NV Reno
79%
1,837,446 CA San Jose
79%
447,279 WA Spokane
79%
442,145 MA Springfield
79%
282,651 MO Springfield
79%
159,265 IL Springfield
79%
2,156,323 MO St. Louis
79%
875,441 AZ Tucson
79%
1,451,578 VA Virginia Beach
79%
541,879 OH Akron
75%
916,408 CT Bridgeport
75%
542,486 IA Des Moines
75%
187,820 PA Erie
75%
270,179 OR Eugene
75%
325,008 NC Fayetteville
75%
315,631 KY Lexington
75%
291,217 NE Lincoln
75%
1,306,795 WI Milwaukee
75%
321,907 AL Mobile
75%
259,781 IL Peoria
75%
194,283 SD Sioux Falls
75%
413,660 NY Syracuse
75%
497,952 OH Toledo
75%
722,810 OK Tulsa
75%
500,231 KS Wichita
75%
621,703 PA Allentown
71%
205,860 TX Amarillo
71%
631,326 LA Baton Rouge
71%
128,787 MT Billings
71%
298,964 MI Flint
71%
224,156 WI Green Bay
71%
490,859 PA Harrisburg
71%
227,316 LA Lafayette
71%
157,100 IN Lafayette
71%
318,300 MI Lansing
71%
272,280 TX Lubbock
71%
779,553 TX McAllen
71%
588,609 UT Provo
71%
1,106,646 NC Raleigh
71%
2,276,703 CA Riverside
71%
366,713 PA Scranton
71%
288,052 LA Shreveport
71%
482,085 MA Worcester
71%
599,242 FL Cape Coral
68%
339,066 TX Corpus Christi
68%
335,934 IN Fort Wayne
68%
605,666 MI Grand Rapids
68%
329,066 AL Huntsville
68%
597,257 TN Knoxville
68%
450,305 WI Madison
68%
414,847 CA Stockton
68%
148,956 KS Topeka
68%
255,329 NC Wilmington
68%
216,444 TX Brownsville
64%
396,118 NC Durham
64%
216,214 ND Fargo
64%
326,332 CO Fort Collins
64%
394,530 PA Lancaster
64%
140,111 GA Macon
64%
141,997 TX Midland
64%
608,857 UT Ogden
64%
359,559 CA Palmdale
64%
437,745 FL Port St. Lucie
64%
120,642 CO Pueblo
64%
285,776 NC Asheville
61%
134,100 IL Bloomington
61%
110,103 IN Bloomington
61%
398,569 TN Chattanooga
61%
119,411 MN Duluth
61%
338,928 NC Greensboro
61%
105,132 ID Idaho Falls
61%
139,338 NM Las Cruces
61%
154,818 TX Odessa
61%
208,157 WA Olympia
61%
276,443 IL Rockford
61%
131,028 TX Tyler
61%
192,844 TX Waco
61%
192,844 IA Cedar Rapids
57%
206,137 TX College Station
57%
285,211 IL Davenport
57%
123,101 DE Dover
57%
206,855 IN Evansville
57%
236,344 MS Gulfport
57%
204,562 MI Kalamazoo
57%
251,462 TX Laredo
57%
357,301 CA Modesto
57%
376,117 CA Oxnard
57%
510,675 FL Palm Bay
57%
156,450 AL Tuscaloosa
57%
118,138 TX Abilene
54%
317,689 MI Ann Arbor
54%
106,988 OR Bend
54%
779,075 FL Bradenton
54%
145,311 NC Burlington
54%
118,032 VT Burlington
54%
111,411 CA Chico
54%
121,831 ID Coeur d'Alene
54%
402,126 FL Daytona Beach
54%
213,748 FL Gainesville
54%
164,365 GA Gainesville
54%
135,973 CO Grand Junction
54%
387,271 SC Greenville
54%
120,150 NC Greenville
54%
257,222 TX Killeen
54%
390,172 FL Pensacola
54%
217,312 VA Roanoke
54%
202,197 CA Santa Barbara
54%
278,921 IN South Bend
54%
119,059 NY Utica
54%
133,145 WA Yakima
54%
135,717 AZ Yuma
54%
146,649 TX Beaumont
50%
171,640 OR Medford
50%
298,954 NC Myrtle Beach
50%
242,984 NH Nashua
50%
297,329 CA Santa Rosa
50%
134,109 UT St. George
50%
370,422 NJ Trenton
50%
143,213 GA Athens
46%
120,828 CO Boulder
46%
147,452 IL Champaign
46%
105,475 WI Eau Claire
46%
137,222 CO Greeley
46%
119,964 LA Monroe
46%
120,602 CA Redding
46%
116,058 MI Saginaw
46%
177,532 CA Salinas
46%
113,066 IA Sioux City
46%
320,901 OH Youngstown
46%
294,921 NJ Atlantic City
43%
128,979 WA Bellingham
43%
295,319 OH Canton
43%
200,947 TN Clarksville
43%
125,811 AZ Fort Smith
43%
176,456 MD Frederick
43%
162,501 LA Lake Charles
43%
277,915 FL Lakeland
43%
125,596 VA Lynchburg
43%
314,766 NY Poughkeepsie
43%
230,967 WI Appleton
39%
100,842 AL Auburn
39%
155,942 NY Binghamton
39%
200,157 WV Huntington
39%
177,313 TN Murfreesboro
39%
182,647 FL Ocala
39%
162,060 FL Panama City
39%
143,609 CA Santa Maria
39%
538,583 CA Concord
36%
278,612 NC Concord
36%
197,557 MD Hagerstown
36%
361,075 CA Indio
36%
128,519 TN Johnson City
36%
255,401 WA Kennewick
36%
418,404 FL Kissimmee
36%
167,432 CT Norwich
36%
355,816 CA Victorville
36%
160,578 CA Visalia
36%
238,549 PA York
36%
104,191 VA Charlottesville
32%
126,810 IA Iowa City
32%
150,052 CA Merced
32%
276,278 PA Reading
32%
169,038 CA Santa Cruz
32%
123,495 CA Seaside
32%
175,132 CA Vallejo
32%
171,680 CT Danbury
29%
210,712 FL Deltona
29%
429,461 TX Denton
29%
145,482 LA Houma
29%
125,865 WI Kenosha
29%
107,099 TX Longview
29%
504,803 TX McKinney
29%
155,491 MA New Bedford
29%
278,031 CA Santa Clarita
29%
196,943 SC Spartanburg
29%
117,638 MN St. Cloud
29%
125,706 CA Yuba City
29%
303,269 MA Barnstable
25%
167,679 VA Fredericksburg
25%
177,561 ID Nampa
25%
120,912 CA Tracy
25%
199,317 CT Waterbury
25%
118,369 SC Anderson
21%
150,122 CA Fairfield
21%
201,511 NC Hickory
21%
113,927 UT Logan
21%
100,776 CO Longmont
21%
199,067 OH Lorain
21%
113,763 LA Mandeville
21%
166,414 MI Muskegon
21%
419,946 AZ Phoenix West
21%
199,998 FL Port Charlotte
21%
134,877 WI Racine
21%
218,443 SC Rock Hill
21%
528,991 CA Temecula
21%
114,632 TX Temple
21%
101,027 CA Vacaville
21%
141,132 GA Warner Robins
21%
326,205 CA Antioch
18%
224,449 WA Bremerton
18%
148,199 MI Elkhart
18%
191,863 TX Galveston
18%
173,194 CA Hemet
18%
151,523 FL Leesburg
18%
100,736 TX New Braunfels
18%
120,191 OK Norman
18%
161,736 FL The Villages
18%
402,454 TX The Woodlands
18%
214,647 MD Bel Air
14%
176,897 NC Gastonia
14%
167,830 NC High Point
14%
160,440 WA Marysville
14%
226,213 FL Navarre
14%
114,139 IA Waterloo
14%
425,675 FL Bonita Springs
11%
118,838 TX Harlingen
11%
240,381 CA Livermore
11%
646,843 CA Mission Viejo
11%
116,819 TX Port Arthur
11%
127,364 CA Simi Valley
11%
169,050 FL Spring Hill
11%
114,833 CA Gilroy
7%
111,790 MA Leominster
7%
213,986 CA Thousand Oaks
7%
253,251 FL Winter Haven
7%
107,034 MI Holland
4%
118,092 HI Kailua
4%
159,506 SC Mauldin
4%
261,835 IL Round Lake Beach
0%
145,963 MI South Lyon
0%
174,292 FL Vero Beach
0%
118,601 MD Waldorf
0%
No matching quizzes found
Score Distribution
Percent of People with Each Score
Percentile by Number Answered
Your Score History
You have not taken this quiz